1131 1076 1491 1813 1257 1779 1544 1233 1459 1504 1234 1775 1170 1301 1136 1351 1089 1911 1233 1186 1486 1971 1948 1102 1562 1010 1213 1532 1740 1731 1188 1143 1510 1858 1778 1234 1008 1293 1409 1363 1002 1767 1159 1600 1132 1775 1413 1600 1973 1666 1501 1013 1105 1466 1703 1484 1202 1922 1550 1261 1852 1003 1955 1188 1060 1678 1755 1071 1999 1374 1365 1406 1109 1930 1849 1341 1225 1966 1949 1107 1007 1571 1477 1622 1178 1176 1855 1110 1912 1622 1229 1461 1307 1635 1581 1264 1528 1351 1477 BCNSPRNW ULIB Ver.6.0+V

เปลี่ยนเป็นภาษาไทย

Change to English
 แสดงรายละเอียดบรรณานุกรม
  กลับหน้าหลัก

Brief Record : Get Marc (ISO 2709) : E-mail record : QR code < ปิดหน้าต่าง
LEADER : 00000nam 2200000uu 4500
001    13399110797
003     ULIB
008    110609s2553||||th 000 0 tha d
020    9749386477
041 1  tha^heng
050  4 LB1050.54^bก355อ 2553
100 1  กอนสแตนท์, ตีนา
245 10 อ่านไวใน 7 วัน =^bSpeed reading in a week /^cผู้เขียน Tina, Konstant ; ผู้แปล โอฬาร สุนทรภูษิต ; ผู้เรียบเรียง ธนิกานต์ มาฆะศิรานนท์
246 31 Speed reading in a week
250    พิมพ์ครั้งที่ 6
260    กรุงเทพฯ :^bบิสคิต,^c2553
300    162 หน้า :^bภาพประกอบ ;^c21 ซม.
650  7 ความเร็วในการอ่าน
650  7 การอ่าน
700 0  โอฬาร สุนทรภูษิต,^eผู้แปล
700 0  ธนิกานต์ มาฆะศิรานนท์,^eเรียบเรียง
700 12 Konstant, Tina^tSpeed reading in a week
945    ^p160^l0^i18276
995    กัณชพร
999    ^aใช้งานได้ทุกระบบ
รายการนี้ยังไม่มีแท็ก
คุณยังไม่ได้ล็อกอิน คุณสามารถมีกิจกรรมร่วมกับเว็บไซต์ได้ แต่ต้องล็อกอินก่อน ::
  ล็อกอิน

รายการสื่อสารสนเทศ

ลำดับที่ ประเภท เลขเรียก/บาร์โค้ด สถานที่ สถานะ
- ไม่พบข้อมูล -

รายการใกล้เคียง
    ผู้แต่ง [กอนสแตนท์, ตีนา]

    หัวเรื่อง [ความเร็วในการอ่าน]
    หัวเรื่อง [การอ่าน]

BibComment


ยังไม่เคยถูกคอมเมนท์

คอมเมนท์ทรัพยากรรายการนี้
  คอมเมนท์: อ่านไวใน 7 วัน S..


 Copyright 2026. Bcnsprnw @Library